LEADER 00923nam a2200217 i 4500 001 000000233610 003 CaOOAMICUS 005 20140923000000.0 008 140923s1903 it u000 u ita u 013 $a212513 040 $aSeMil$bita 245 13$aIl movimento operaio :$borigini. Forme. Sviluppo /$cAchille Loria. 260 $aMilano [etc.] :$bRemo Sandron,$c1903. 300 $a320 p. ;$c20 cm. 490 0 $aBiblioteca di scienze sociali e politiche ;$v47 650 4$aMovimento operaio - Storia.$0(OLS)http://semarc/subject/40040 830 0$aBiblioteca di scienze sociali e politiche ;$v47.$0(OLS)http://semarc/title/41546 850 $aSeMil 852 $aSeMil$W1$xVenegono$y1$m3M I 86$j183956$B183956$CSeMilBibl$Z2$F194707 $81 996 $6245$aIl movimento operaio :$borigini. Forme. Sviluppo$9(OLS)http://semarc/title/333382 996 $6260$aMilano [etc.] :$bRemo Sandron$9(OLS)http://semarc/publisher/33143 LEADER 00790nab a2200145 i 4500 001 000000275898 003 CaOOAMICUS 005 20110810000000.0 008 110810n xx uu u0 0und r 013 $a25342 040 $aSeMil$bita 245 14$aThe Sodom Tradition in Romans 1:18-32 ; No Kingdom of God for Softies? Or, What Was Paul Really Saying? ; Authorized Conflicts :$bThe Bible in Church Conversations. - Titoli dalla copertina. 500 $aSpring 2004. 773 0 $t[2004].$dSouth Orange (New Jersey) : Biblical Theology Bulletin, copyr. 2004.$w()205113 996 $6245$aThe Sodom Tradition in Romans 1:18-32 ; No Kingdom of God for Softies? Or, What Was Paul Really Saying? ; Authorized Conflicts :$bThe Bible in Church Conversations. - Titoli dalla copertina.$9(OLS)http://semarc/title/361678